| 000 | 00489nam a22001937a 4500 | ||
|---|---|---|---|
| 003 | OSt | ||
| 005 | 20151014120705.0 | ||
| 008 | 130624t xxu||||| |||| 00| 0 eng d | ||
| 020 | _a8908041311 | ||
| 050 |
_aBQ 659 _b.J54 1966 |
||
| 082 |
_aIB 951.98 _bB45 1966 |
||
| 100 | _aJeong, Beob. | ||
| 245 |
_aMoo so yun : no possession / _cBeob Jeong. |
||
| 260 |
_aBeom Woo Sa : _bSn, _c1966. |
||
| 300 |
_a159 p. : _c20 cm. |
||
| 942 |
_2lcc _cBK |
||
| 999 |
_c3041 _d3041 |
||